00809nam a2200181Ia 4500008004100000020001500041050001800056100003200074245007600106260009000182300002200272336001000294337001400304338001200318500003600330505020100366650006000567120625s2000 mx 000 0 spa d a9685172129 4aKGF1059bA54 1 aAmezcua Ornelas, Norahenid.10aE-commerce en Mexico b: aspectos legalesc/ Norahenid Amezcua Ornelas3 aMéxico b: Sistemas de Informacion Contable y Administrativa Computarizadosc, 2000 axv, 165 páginas aTexto aSin medio aVolumen aIncluye apéndice (pp. 51-165)1 aLey modelo de la CNUDMI Decreto de reformas Apéndice Decreto por el que se reforman y adicionan diversas disposiciones del Código civil para el Distrito Ley Modelo de la CNUDMI sobre comercio14aCOMERCIO ELECTRÓNICOxLEYES Y LEGISLACIÓNzMÉXICO